Guinea : EIU Country profile 2006.
| Format: | Book |
|---|---|
| Published: |
London:
The Economist Intelligence Unit,
2006.
|
| Subjects: |
| LEADER | 00421cam a2200145 7i4500 | ||
|---|---|---|---|
| 001 | 0000018641 | ||
| 005 | 20061207090000.0 | ||
| 022 | 0 | 0 | |a 1741-0215 |
| 090 | 0 | 0 | |a GUIN 330.9 |b GUI |
| 245 | 0 | 0 | |a Guinea : |b EIU Country profile 2006. |
| 260 | 0 | 0 | |a London: |b The Economist Intelligence Unit, |c 2006. |
| 300 | # | # | |a 42 p. |
| 650 | 0 | 0 | |a Guinea -- |x Country profile |
| 651 | 0 | 0 | |a Guinea |
| 999 | |a B000019582 |b Book |c Countries |e Business Information Centre | ||